000 00573cab a2200205 4500
001 ABS58437
008 090401t1998 xxu||||| |||| 00| 0 eng d
035 _a(Sirsi) u84864
041 _aeng
100 _aSimpkins, E.
245 2 _aA war over numbers
260 _c1998
350 _a0
490 _aEstates Gazette
_v(9810) 7 March 1998, 56-57(2)
520 _aOutlines arguments for and against the revision of the annual IPD index.
650 _aIPD UK ANNUAL INDEX
690 _aPROPERTY-PROPERTY FINANCE AND INVESTMENT
942 _n0
948 _c13/03/1998
999 _c53370
_d53370